000 00511nam a2200217Ia 4500
003 OSt
005 20221005115120.0
006 a|||||r|||| 00| 0
007 ta
008 221004b |||||||| |||| 00| 0 eng d
024 _a73546
037 _cTextual
040 _aCRL
_cCRL
_beng
041 _2eng
_aeng
082 _a146:473mN32
245 0 _aBowker Serials Bibliography
260 _c1972
650 _aBIBLIOGRAPHY
942 _h146:473mN32
_cTEXL
_2cc
999 _c1033460
_d1033460